Xây dựng và phát triển nền văn hoá Việt Nam tiên tiến đậm đà bản sắc dân tộc - thành tựu và kinh nghiệm : quán triệt tinh thần Nghị quyết Trung ương 5 khoá VIII /
Đã lưu trong:
| 其他作者: | |
|---|---|
| 格式: | Sách giấy |
| 语言: | Vietnamese |
| 出版: |
H. :
Văn hoá - Thông tin,
2004
|
| 主题: | |
| 标签: |
添加标签
没有标签, 成为第一个标记此记录!
|
| Thư viện lưu trữ: | Thư viện Trường Đại học Đà Lạt |
|---|
| LEADER | 00992nam a2200325 4500 | ||
|---|---|---|---|
| 001 | DLU050048159 | ||
| 005 | ##20050715 | ||
| 040 | # | # | |a DLU |b vie |
| 041 | # | # | |a vie |
| 044 | # | # | |a vn |
| 082 | # | # | |a 306.089 959 2 |b Xay |
| 245 | # | # | |a Xây dựng và phát triển nền văn hoá Việt Nam tiên tiến đậm đà bản sắc dân tộc - thành tựu và kinh nghiệm : |b quán triệt tinh thần Nghị quyết Trung ương 5 khoá VIII / |c Đỗ Thị Thuý chủ biên |
| 260 | # | # | |a H. : |b Văn hoá - Thông tin, |c 2004 |
| 300 | # | # | |a 519 tr. ; |c 21 cm |
| 653 | # | # | |a Bản sắc dân tộc |
| 653 | # | # | |a Chính sách văn hoá |
| 653 | # | # | |a Chủ nghĩa Xã hội |
| 653 | # | # | |a Văn hoá |
| 653 | # | # | |a Việt Nam |
| 700 | # | # | |a Đỗ Thị Thuý |e chủ biên |
| 923 | # | # | |a 24/2005 |
| 992 | # | # | |a 68.000 |
| 994 | # | # | |a DLU |
| 900 | # | # | |a True |
| 911 | # | # | |a Đào Thị Thu Huyền |
| 925 | # | # | |a G |
| 926 | # | # | |a A |
| 927 | # | # | |a SH |
| 980 | # | # | |a Thư viện Trường Đại học Đà Lạt |